Państwo po kawałku granic #2 - Statystyki

Ogólne statystyki
  • Ten quiz został rozwiązany 19 razy
    17 od ostatniego zresetowania
  • Średni wynik to 9 z 26
Statystyki odpowiedzi
Obrazkowy Odpowiedź % Poprawnych
Indonezja
93%
Norwegia
86%
Grecja
71%
Wielka Brytania
64%
Chiny
50%
Kanada
50%
Panama
50%
Gambia
43%
Afganistan
36%
Indie
36%
Stany Zjednoczone
36%
Estonia
29%
Paragwaj
29%
Austria
21%
Benin
21%
Chorwacja
21%
Haiti
21%
Madagaskar
21%
Oman
21%
Rumunia
21%
Gwinea Równikowa
14%
Kirgistan
14%
Bangladesz
7%
Brunei
7%
Ekwador
7%
Sudan Południowy
7%
Nie znaleziono quizów pasujących do podanych kryteriów
Rozkład punktacji
Procent ludzi z każdym wynikiem
Percentyl według liczby udzielonych odpowiedzi
Twoja historia wyników
Nie rozwiązałeś tego quizu od ostatniego zresetowania